Celestial mapping

Bibliographic Details
Published in:The history of cartography, J.B. Harley and David Woodward, Chicago [etc.], P. 12-70 (1)
Main Author: Savage-Smith, Emilie
Content type: Article
Published: 1992
Source:MPIPL_cat
_version_ 1863687004838952961
author Savage-Smith, Emilie
author_facet Savage-Smith, Emilie
author_search Savage-Smith, Emilie
author_sort Savage-Smith, Emilie
author_variant e s s ess
collection_details MPIPL
container_reference P. 12-70
container_start_page 12
container_title Cartography in the traditional Islamic and South Asian societies. vol. 2. 1
dedup_id_str MPIPL_cat.PL0053678
dewey-hierarchy 0/[Unassigned]/
dewey-hierarchy_str 0/[Unassigned]/
first_indexed 2026-03-14T00:40:06Z
format 0/Artikel/
format_str 0/Artikel/
fullrecord <?xml version="1.0" encoding="UTF-8"?> <collection xmlns:xsi="http://www.w3.org/2001/XMLSchema-instance" xsi:schemaLocation="http://www.loc.gov/MARC21/slim http://www.loc.gov/standards/marcxml/schema/MARC21slim.xsd" xmlns="http://www.loc.gov/MARC21/slim"> <record> <leader>00000naa a2200000 u 4500</leader> <controlfield tag="001">PL0053678</controlfield> <controlfield tag="003">PLI01000000000000000053359</controlfield> <controlfield tag="005">00000000000000.0</controlfield> <controlfield tag="008"> ||| u </controlfield> <datafield tag="100" ind1="1" ind2=" "> <subfield code="a">Savage-Smith, Emilie</subfield> </datafield> <datafield tag="245" ind1="0" ind2="0"> <subfield code="a">Celestial mapping</subfield> <subfield code="c">Emilie Savage-Smith</subfield> </datafield> <datafield tag="260" ind1=" " ind2=" "> <subfield code="c">1992</subfield> </datafield> <datafield tag="952" ind1=" " ind2=" "> <subfield code="h">P. 12-70</subfield> </datafield> <datafield tag="996" ind1=" " ind2=" "> <subfield code="a">Aufsatz</subfield> </datafield> <datafield tag="997" ind1=" " ind2=" "> <subfield code="a">book chapter</subfield> </datafield> <datafield tag="773" ind1="0" ind2="8"> <subfield code="t">The history of cartography</subfield> <subfield code="a">J.B. Harley and David Woodward</subfield> <subfield code="k">1</subfield> <subfield code="d">Chicago [etc.]</subfield> <subfield code="g">P. 12-70</subfield> <subfield code="w">MPIPL_cat.PL0053654</subfield> <subfield code="z">0-226-31635-1</subfield> <subfield code="i">In:</subfield> </datafield> </record> </collection>
hierarchy_parent_id MPIPL_cat.PL0053654
hierarchy_parent_title Cartography in the traditional Islamic and South Asian societies. vol. 2. 1
id MPIPL_cat.PL0053678
illustrated Not Illustrated
institution MPIPL_cat
institution_str MPIPL_cat
isbn 9780226316352
0-226-31635-1
language und
language_str und
last_indexed 2026-04-27T23:41:37Z
local_fields Aufsatz
online false
online_MPIPL_cat false
online_str false
publishDate 1992
publishDate_str 1992
record_format marc
spelling Savage-Smith, Emilie
Celestial mapping
Emilie Savage-Smith
1992
The history of cartography
J.B. Harley and David Woodward
1
Chicago [etc.]
P. 12-70
0-226-31635-1
In
spellingShingle Savage-Smith, Emilie
Celestial mapping
title Celestial mapping
title_full Celestial mapping Emilie Savage-Smith
title_fullStr Celestial mapping Emilie Savage-Smith
title_full_unstemmed Celestial mapping Emilie Savage-Smith
title_search Celestial mapping
title_short Celestial mapping
title_sort celestial mapping emilie savage smith